000 00635nam a2200193 a 4500
001 5364
003 CO-ViMGA
008 141112s2004 ck r 000 u spa d
040 _aCO-ViMGA
_bspa
_cCO-ViMGA
082 0 4 _aR103 M177
100 1 _aMartinez Echeverri, Leonor
_93684
245 1 0 _aDiccionario de filosofia ilustrado /
_cMartinez Echeverri Leonor , Martinez Echeverri Hugo
260 _aSantafé de Bogotá :
_bPanAméricana,
_c1997
300 _a628 p
590 _aDatos de inventario : 05145 - - Ejemplares : 01
650 1 4 _aFILOSOFIA - DICCIONARIOS
_94079
650 1 4 _aMartinez Echeverri, Hugo
_93685
942 _2ddc
_cBK
999 _c17358
_d17358